Teribear. Záhada vyloupeného skleníku /

Dobrodružný, detektivní příběh pro děti o medvídkovi Teribearovi, který se svými zvířecími přáteli řeší záhadu krádeží ve skleníku.

Uloženo v:
Série:Teribear, část 2
Hlavní autor: Mornštajnová, Alena, 1963- (Autor)
Další autoři: Žák, Vladimír, 1980- (Autor)
Médium: Kniha
Jazyk:Czech
Vydáno: V Praze : Albatros, 2026
Vydání:1. vydání
Témata:
Celkem bylo vypůjčeno:0x
Příbuzné jednotky:Z cyklu:: Teribear
Tagy:
Žádné tagy
LEADER 02303nam a2200433 i 4500
001 106508
003 CZ PrNK
005 20260604175320.0
007 ta
008 260518s2026 xr a b 000 j cze
015 |a cnb003758357 
020 |a 9788000081557  |q (vázáno) :  |c Kč 369,00 
040 |a ABG001  |b cze  |e rda 
072 7 |a 821.162.3-3  |x Česká próza  |2 Konspekt  |9 25 
072 7 |a 821-93  |x Literatura pro děti a mládež (beletrie)  |2 Konspekt  |9 26 
080 |a 821.162.3-32  |2 MRF 
080 |a 821-93  |2 MRF 
080 |a (0:82-32)  |2 MRF 
100 1 |a Mornštajnová, Alena,  |d 1963-  |7 ola2007364886  |4 aut  |9 22452 
245 1 0 |a Teribear.  |p Záhada vyloupeného skleníku /  |c napsala Alena Mornštajnová ; ilustroval Vladimír Žák 
246 3 0 |a Záhada vyloupeného skleníku 
250 |a 1. vydání 
264 1 |a V Praze :  |b Albatros,  |c 2026 
300 |a 122 stran :  |b barevné ilustrace ;  |c 24 cm 
336 |a text  |b txt  |2 rdacontent 
337 |a bez média  |b n  |2 rdamedia 
338 |a svazek  |b nc  |2 rdacarrier 
520 2 |a Dobrodružný, detektivní příběh pro děti o medvídkovi Teribearovi, který se svými zvířecími přáteli řeší záhadu krádeží ve skleníku.  |b Když se v zahradě začne ztrácet úroda a podezření padne na tajemného skleníkového lupiče, objeví se nečekaný detektiv: červený plyšový medvídek Teribear. Společně se zvířecími kamarády ze zahrady i lesa se pouští do pátrání, při kterém jim cestu zkříží nejen velká voda, ale i lži. Půvabně ilustrované, něžně vtipné vyprávění zavede děti do světa plného přátelství, odvahy a spolupráce - a navíc jim ukáže mnoho zajímavostí ze zvířecí říše. Nakladatelská anotace. Kráceno. 
655 7 |a české příběhy  |7 fd133973  |2 czenas  |9 54030 
655 7 |a publikace pro děti  |7 fd133156  |2 czenas  |9 23 
655 9 |a Czech stories  |2 eczenas 
655 9 |a children's literature  |2 eczenas 
700 1 |a Žák, Vladimír,  |d 1980-  |7 ola2018992344  |4 ill  |9 112987 
710 2 |a Nakladatelství Albatros  |7 kn20010724027  |4 pbl  |9 108199 
787 0 8 |i Z cyklu:  |t Teribear  |g 2 
910 |a UOG502 
942 |2 ddc  |c KN 
999 |d 106508 
993 |0 0  |1 421180107228  |2 ddc  |4 0  |6 M  |7 0  |9 99952  |b 0  |c 107228  |d 2026-06-04  |e 0  |f M  |g M  |h 369.00  |i Koupě  |l M  |r 2026-06-04  |t 8  |w 2026-06-04  |y KN  |z BELET  |n